Sociokultúrne zázemie budúcich učiteľov prírodovedných predmetov

Podrobná bibliografia
Hlavní autori: Hrubišková, Helena, 1956- (Autor), Višváder, Peter (Autor)
Médium: Článok
Jazyk:slovenčina
Fyzický popis:Grafy, tab.
ISSN:1335-003X
Predmet:

MARC

LEADER 00000nab a2200000 a 4500
001 vtls010334136
003 SK-MaSNL
005 20260304171302.0
008 250507c2011 xo zr|p|||an |000 b|slo
015 |a SNBRB2012/01 
035 |a (uuid)6ba86740-2426-4e11-92f6-201f0ebc7184 
035 |a urn:nbn:sk:snk-ab9u2n 
035 |a (urnnbn)urn:nbn:sk:snk:ar-a08v1a 
038 |a SPK 
040 |a SNKBUCL  |b slo  |c SNKBUCL  |e AACR2 
041 0 |a slo  |b slo  |b eng 
044 |a xo  |c SK 
072 7 |a 37  |x Výchova a vzdelávanie  |2 konspekt 
072 7 |a 316.3  |x Globálne spoločnosti. Sociálna štruktúra. Sociálne skupiny  |2 konspekt 
080 |a 37.011.3-051  |2 2001 
080 |a 37.016:5  |2 2001 
080 |a 316.356.2  |2 2001 
100 1 |a Hrubišková, Helena,  |d 1956-  |4 aut  |9 196522 
245 1 0 |a Sociokultúrne zázemie budúcich učiteľov prírodovedných predmetov  |c Helena Hrubišková, Peter Višváder 
246 3 1 |a Socio - cultural background of future science teachers 
300 |b Grafy, tab. 
504 |a Bibliogr. odkazy 
546 |a Res. angl., slov. 
650 0 7 |a učitelia  |2 snkbucl  |9 3995 
650 0 7 |a prírodovedné predmety  |2 snkbucl  |9 67557 
650 0 7 |a sociálne prostredie  |2 snkbucl  |9 562207 
650 0 7 |a rodina  |2 snkbucl  |9 4138 
650 0 7 |a kultúrne prostredie  |2 snkbucl  |9 1313308 
650 0 7 |a výskum  |2 snkbucl  |9 4238 
700 1 |a Višváder, Peter  |4 aut  |9 267696 
773 0 |t Technológia vzdelávania  |g Roč. XIX, č. 10 (2011)  |g Č. 10 (2011), s. 3-9  |x 1335-003X 
773 0 |t Slovenský učiteľ  |g Roč. XIX, č. 10 (2011)  |g Č. 10 (2011), s. 3-9  |x 1335-003X 
850 |a Slovenská národná knižnica 
852 |a Slovenská národná knižnica 
954 |a odborná, vedecká literatúra pôvodná (slovenská)  |2 lita 
958 |a article13 
958 |a NB 
958 |a OND 
958 |a EUIPO 
999 |c 2992549  |d 2994479